[Event "7th Dortmund Meeting"]
[Site "Dortmund GER"]
[Date "1979.04.10"]
[Round "1"]
[White "Gerusel, Mathias"]
[Black "Ghinda, Mihail Viorel"]
[WhiteElo "2425"]
[BlackElo "2455"]
[Result "0-1"]
[EventDate "1979.04.10"]
[PlyCount "82"]

1.d4 Nf6 2.c4 g6 3.g3 Bg7 4.Bg2 O-O 5.e4 d6 6.Ne2 c5 7.d5 e6 8.Nbc3 exd5 
9.exd5 Nbd7 10.f4 Nb6 11.b3 Bg4 12.Qd3 Re8 13.Bf3 Bf5 14.Qd2 Ne4 15.Bxe4 
Bxe4 16.O-O Bf5 17.Bb2 Nd7 18.Kg2 a6 19.Rfe1 Qa5 20.h3 h5 21.Ng1 b5 22.
cxb5 axb5 23.Nf3 Nf6 24.Rxe8+ Rxe8 25.Re1 Rxe1 26.Qxe1 Ne4 27.g4 Bxc3 28.
Bxc3 Qxc3 29.gxf5 Qc2+ 30.Kg1 gxf5 31.Ng5 Qc3 32.Qh4 Qa1+ 33.Kg2 Qxa2+ 34.
Kg1 Qb1+ 35.Kg2 Qc2+ 36.Kg1 Qd1+ 37.Kg2 Qxd5 38.Nxe4 fxe4 39.Qg3+ Kh7 40.
Qc3 e3+ 41.Kg3 Qe4 0-1

[Event "7th Dortmund Meeting"]
[Site "Dortmund GER"]
[Date "1979.04.10"]
[Round "1"]
[White "Nikolac, Juraj"]
[Black "Schussler, Harry"]
[WhiteElo "2450"]
[BlackElo "2365"]
[Result "0-1"]
[EventDate "1979.04.10"]
[PlyCount "97"]

1.b3 Nf6 2.Bb2 b6 3.Nf3 Bb7 4.g3 Bxf3 5.exf3 g6 6.Bg2 Bg7 7.f4 d5 8.O-O 
O-O 9.c4 e6 10.d3 Nc6 11.Nd2 Ne8 12.Bxg7 Nxg7 13.Nf3 Nf5 14.cxd5 exd5 15.
d4 Qd6 16.Rc1 Nce7 17.Re1 Rfe8 18.Bh3 c6 19.Rc2 Rec8 20.Rce2 Rc7 21.Re5 
Kf8 22.Qd2 Ng7 23.R5e2 c5 24.dxc5 bxc5 25.Ne5 Rd8 26.Qb2 Kg8 27.Rd2 Nef5 
28.Nf3 a5 29.Re5 Ne7 30.Bf1 Qb6 31.Rd1 Rcd7 32.Qc2 Nc6 33.Ree1 Rd6 34.Rc1 
Ne6 35.Bg2 d4 36.Nd2 d3 37.Qb2 Qb4 38.Rc4 Qb6 39.Ne4 Rd4 40.Rxd4 Ncxd4 41.
Rd1 c4 42.Kh1 Qb4 43.f5 gxf5 44.Nc3 f4 45.gxf4 Nxf4 46.Qd2 Nde2 47.Rc1 
cxb3 48.a3 b2 49.Rg1 0-1

[Event "7th Dortmund Meeting"]
[Site "Dortmund GER"]
[Date "1979.04.10"]
[Round "1"]
[White "Perecz, Laszlo"]
[Black "Giorgadze, Tamaz"]
[WhiteElo "2315"]
[BlackElo "2535"]
[Result "0-1"]
[EventDate "1979.04.10"]
[PlyCount "131"]

1.e4 c5 2.Nf3 Nc6 3.d4 cxd4 4.Nxd4 Nf6 5.Nc3 e6 6.Ndb5 d6 7.Bf4 e5 8.Bg5 
a6 9.Na3 b5 10.Nd5 Be7 11.Bxf6 Bxf6 12.c3 Bg5 13.Nc2 Rb8 14.Be2 O-O 15.O-O
a5 16.Qd3 Be6 17.Rfd1 g6 18.Nde3 Qb6 19.Qxd6 Rfd8 20.Qa3 b4 21.cxb4 Nxb4 
22.Ne1 Bxe3 23.Qxe3 Qxe3 24.fxe3 Nxa2 25.Rxd8+ Rxd8 26.Rd1 Rc8 27.Nf3 Rc5 
28.Kf2 Kg7 29.Rd8 Kf6 30.Rd6 h6 31.Rd8 Nc1 32.Rd6 Ke7 33.Rd1 Nb3 34.Bd3 
Kf6 35.Nd2 a4 36.Nxb3 axb3 37.Rd2 h5 38.Be2 Rc1 39.Bf3 h4 40.h3 Rb1 41.Be2
Kg5 42.Bd3 Ra1 43.Kf3 f5 44.exf5 gxf5 45.e4 f4 46.Kf2 Rc1 47.Be2 Kf6 48.
Bd3 Bf7 49.Be2 Ke7 50.Bd3 Bg6 51.Kf3 Bh5+ 52.Kf2 Rc6 53.Be2 Bg6 54.Bd3 Rd6
55.Ke1 Rd4 56.Bb1 Rb4 57.Re2 Kd6 58.Kd2 Kc5 59.Kc3 Bf7 60.Bd3 Rb8 61.Rd2 
Rg8 62.Bf1 Rg3+ 63.Rd3 Be6 64.Kd2 Rxd3+ 65.Bxd3 Kd4 66.Bb1 0-1

[Event "7th Dortmund Meeting"]
[Site "Dortmund GER"]
[Date "1979.04.11"]
[Round "2"]
[White "Ghinda, Mihail Viorel"]
[Black "Nikolac, Juraj"]
[WhiteElo "2455"]
[BlackElo "2450"]
[Result "0-1"]
[EventDate "1979.04.10"]
[PlyCount "92"]

1.e4 e5 2.Nf3 Nc6 3.Bb5 a6 4.Ba4 Nf6 5.O-O Be7 6.Re1 b5 7.Bb3 d6 8.c3 O-O 
9.d4 Bg4 10.d5 Na5 11.Bc2 c6 12.h3 Bh5 13.dxc6 Qc7 14.Nbd2 Qxc6 15.Nf1 Nc4
16.Ng3 Bxf3 17.Qxf3 Kh8 18.Nf5 Ng8 19.a4 Bf6 20.Rd1 Rad8 21.axb5 axb5 22.
Ra7 Qb6 23.Be3 Qb8 24.Bb3 Nxe3 25.Qxe3 g6 26.Ng3 Bg5 27.Qxg5 Qxa7 28.h4 
Qe7 29.Qg4 Rb8 30.h5 b4 31.Rd3 bxc3 32.Rxc3 Rb4 33.Rf3 d5 34.hxg6 fxg6 35.
Bxd5 Rxb2 36.Qe6 Qxe6 37.Rxf8 Kg7 38.Rxg8+ Qxg8 39.Bxg8 Kxg8 40.Nf1 Re2 
41.Ne3 Rxe3 42.fxe3 Kf7 43.Kf2 Ke6 44.g4 h6 45.Kf3 Kd6 46.g5 h5 0-1

[Event "7th Dortmund Meeting"]
[Site "Dortmund GER"]
[Date "1979.04.11"]
[Round "2"]
[White "Giorgadze, Tamaz"]
[Black "Jansa, Vlastimil"]
[WhiteElo "2535"]
[BlackElo "2495"]
[Result "1/2-1/2"]
[EventDate "1979.04.10"]
[PlyCount "41"]

1.d4 Nf6 2.c4 g6 3.Nc3 d5 4.Bf4 Bg7 5.e3 O-O 6.Qb3 c5 7.cxd5 cxd4 8.exd4 
Nbd7 9.Be2 Nb6 10.Bf3 a5 11.a4 Bf5 12.Rd1 Rc8 13.d6 exd6 14.Nge2 Rc4 15.
Qb5 Rb4 16.Qxa5 Rxb2 17.O-O Qd7 18.Qa7 Nc8 19.Qa5 Nb6 20.Qa7 Nc8 21.Qa5 
1/2-1/2

[Event "7th Dortmund Meeting"]
[Site "Dortmund GER"]
[Date "1979.04.11"]
[Round "2"]
[White "Perecz, Laszlo"]
[Black "Gerusel, Mathias"]
[WhiteElo "2315"]
[BlackElo "2425"]
[Result "1/2-1/2"]
[EventDate "1979.04.10"]
[PlyCount "81"]

1.e4 c5 2.Nf3 e6 3.d4 cxd4 4.Nxd4 a6 5.Nc3 Qc7 6.Bd3 Nc6 7.Be3 Nf6 8.O-O 
Ne5 9.h3 Bc5 10.Qe2 d6 11.f4 Ng6 12.Nb3 Bxe3+ 13.Qxe3 O-O 14.e5 dxe5 15.
Bxg6 hxg6 16.Qxe5 Qxe5 17.fxe5 Nd7 18.Rfe1 b6 19.Rad1 Ra7 20.Rd6 Rc7 21.
Re2 Bb7 22.Na4 Bc6 23.Nc3 Rb8 24.Kf2 Kf8 25.Kg3 Ke7 26.Rd4 Rh8 27.Nc1 Rh5 
28.Nd3 Rf5 29.Rh4 Rc8 30.a4 Bb7 31.Rd4 Rc7 32.Nd1 Rh5 33.Nc3 Ba8 34.Nf4 
Rg5+ 35.Kh4 Rf5 36.Nd3 f6 37.exf6+ gxf6 38.Kg3 g5 39.Nb4 Ra7 40.Nd3 b5 41.
axb5 1/2-1/2

[Event "7th Dortmund Meeting"]
[Site "Dortmund GER"]
[Date "1979.04.11"]
[Round "2"]
[White "Schussler, Harry"]
[Black "Borik, Otto"]
[WhiteElo "2365"]
[BlackElo "2395"]
[Result "0-1"]
[EventDate "1979.04.10"]
[PlyCount "82"]

1.d4 Nf6 2.c4 c5 3.d5 b5 4.cxb5 a6 5.e3 g6 6.Nc3 Bg7 7.a4 O-O 8.Qb3 e6 9.
b6 Bb7 10.dxe6 fxe6 11.a5 Ng4 12.Nf3 Nc6 13.Be2 Nce5 14.e4 Nxf3+ 15.Bxf3 
Qh4 16.g3 Qh3 17.Bxg4 Qxg4 18.Be3 d5 19.Qd1 Bxc3+ 20.bxc3 Qxe4 21.Rf1 Rf3 
22.Qe2 d4 23.cxd4 cxd4 24.Bf4 Qc6 25.Rc1 Rc3 26.Rxc3 Qxc3+ 27.Bd2 Qa1+ 28.
Qd1 Qa2 29.f3 Rc8 30.Rf2 Rc2 31.Kf1 e5 32.Kg1 Rb2 33.Qe2 Qd5 34.Kg2 Rb3 
35.Be1 Re3 36.Qd1 e4 37.Kg1 exf3 38.Qc1 Qe6 39.Bd2 Re2 40.Qf1 d3 41.h4 Qg4
0-1

[Event "7th Dortmund Meeting"]
[Site "Dortmund GER"]
[Date "1979.04.12"]
[Round "3"]
[White "Borik, Otto"]
[Black "Ghinda, Mihail Viorel"]
[WhiteElo "2395"]
[BlackElo "2455"]
[Result "1/2-1/2"]
[EventDate "1979.04.10"]
[PlyCount "37"]

1.e4 c5 2.Nf3 e6 3.d4 cxd4 4.Nxd4 Nf6 5.Nc3 d6 6.Be3 a6 7.Be2 Qc7 8.f4 b5 
9.Bf3 Bb7 10.a3 Nbd7 11.Qe2 Be7 12.O-O O-O 13.Rae1 Rfe8 14.Kh1 Rab8 15.Qf2
Bf8 16.Bc1 Qc5 17.Be3 Qc7 18.Bc1 Qc5 19.Be3 1/2-1/2

[Event "7th Dortmund Meeting"]
[Site "Dortmund GER"]
[Date "1979.04.12"]
[Round "3"]
[White "Gerusel, Mathias"]
[Black "Giorgadze, Tamaz"]
[WhiteElo "2425"]
[BlackElo "2535"]
[Result "0-1"]
[EventDate "1979.04.10"]
[PlyCount "70"]

1.d4 Nf6 2.c4 c5 3.d5 b5 4.cxb5 a6 5.bxa6 Bxa6 6.Nc3 d6 7.Nf3 g6 8.e4 Bxf1
9.Kxf1 Bg7 10.g3 O-O 11.Kg2 Nbd7 12.Qe2 Qb6 13.Rd1 Qa6 14.Qc2 Ng4 15.h3 
Nge5 16.Nxe5 Nxe5 17.Be3 Nc4 18.Rac1 Rfb8 19.b3 Na3 20.Qd2 c4 21.Qe2 h6 
22.bxc4 Nxc4 23.Rc2 Na3 24.Qxa6 Rxa6 25.Rcc1 Rb4 26.Re1 g5 27.Bd2 Nc4 28.
Nb1 Nxd2 29.Nxd2 Rxa2 30.Nc4 Bd4 31.Rf1 Kg7 32.Kf3 h5 33.h4 g4+ 34.Kf4 Kf6
35.f3 Be5+ 0-1

[Event "7th Dortmund Meeting"]
[Site "Dortmund GER"]
[Date "1979.04.12"]
[Round "3"]
[White "Jansa, Vlastimil"]
[Black "Boehmfeldt, Bruno"]
[WhiteElo "2495"]
[BlackElo "2230"]
[Result "1-0"]
[EventDate "1979.04.10"]
[PlyCount "81"]

1.e4 c5 2.Nf3 Nc6 3.d4 cxd4 4.Nxd4 e5 5.Nb5 a6 6.Nd6+ Bxd6 7.Qxd6 Qf6 8.
Qd1 Qg6 9.Nc3 Nge7 10.h4 h5 11.Bg5 d5 12.exd5 Nb4 13.Bxe7 Kxe7 14.d6+ Ke8 
15.Bd3 Nxd3+ 16.Qxd3 Qxd3 17.cxd3 Rh6 18.O-O-O Rxd6 19.Rhe1 Re6 20.Re4 Bd7
21.Rde1 f6 22.f4 Kf7 23.fxe5 Bc6 24.R4e2 Rd8 25.Kc2 Rd4 26.g3 Rg4 27.exf6 
Rxe2+ 28.Nxe2 g5 29.hxg5 Rxg5 30.Rf1 Bd7 31.Rf4 Rg4 32.Kd2 Rxf4 33.Nxf4 
Bg4 34.Ke3 Kxf6 35.Ke4 Bf5+ 36.Kd5 Kg5 37.Ke5 Kg4 38.d4 Bd7 39.d5 a5 40.d6
b5 41.Nxh5 1-0

[Event "7th Dortmund Meeting"]
[Site "Dortmund GER"]
[Date "1979.04.12"]
[Round "3"]
[White "Nikolac, Juraj"]
[Black "Perecz, Laszlo"]
[WhiteElo "2450"]
[BlackElo "2315"]
[Result "1-0"]
[EventDate "1979.04.10"]
[PlyCount "83"]

1.Nf3 d5 2.d4 Nf6 3.c4 c6 4.e3 e6 5.Nbd2 Be7 6.Bd3 Nbd7 7.O-O b6 8.b3 Bb7 
9.Bb2 O-O 10.Qe2 Rc8 11.Rad1 Qc7 12.e4 dxe4 13.Nxe4 c5 14.Neg5 h6 15.Ne4 
Nxe4 16.Bxe4 Bxe4 17.Qxe4 Bf6 18.Rd2 Rfd8 19.Rfd1 cxd4 20.Bxd4 Nc5 21.Qe3 
Rxd4 22.Nxd4 Bg5 23.Qe2 Bxd2 24.Nb5 Qe7 25.Rxd2 a6 26.Nd4 Qb7 27.Nf3 Qc7 
28.Kf1 Rd8 29.Qe5 Qc8 30.Ke2 Rxd2+ 31.Kxd2 Qd7+ 32.Qd4 Qxd4+ 33.Nxd4 Kf8 
34.b4 Ne4+ 35.Ke3 Nc3 36.Nc6 Ke8 37.Kd3 Na4 38.Kc2 f6 39.Kb3 b5 40.cxb5 
axb5 41.Nd4 Kd7 42.Nxb5 1-0

[Event "7th Dortmund Meeting"]
[Site "Dortmund GER"]
[Date "1979.04.13"]
[Round "4"]
[White "Gerusel, Mathias"]
[Black "Nikolac, Juraj"]
[WhiteElo "2425"]
[BlackElo "2450"]
[Result "0-1"]
[EventDate "1979.04.10"]
[PlyCount "74"]

1.d4 d5 2.c4 e6 3.Nc3 Nf6 4.Bg5 Nbd7 5.cxd5 exd5 6.e3 c6 7.Bd3 Be7 8.Qc2 
Nf8 9.Nf3 Ng6 10.h3 O-O 11.O-O Bd6 12.Nh4 h6 13.Bxf6 Qxf6 14.Nf5 Bxf5 15.
Bxf5 Nh4 16.Bg4 h5 17.Bd1 Rae8 18.Ne2 Nf5 19.Qd3 Bb8 20.Bc2 g6 21.Rae1 Re7
22.Qd2 Nd6 23.b3 Rfe8 24.Nc3 h4 25.Qe2 Bc7 26.a3 Bb6 27.Qd2 Kg7 28.Rd1 Bc7
29.Rde1 Ba5 30.Re2 Bxc3 31.Qxc3 Nb5 32.Qa1 Nxd4 33.Rd2 Nb5 34.a4 Nd6 35.
Rd4 Ne4 36.Qd1 Nc3 37.Qd2 Ne2+ 0-1

[Event "7th Dortmund Meeting"]
[Site "Dortmund GER"]
[Date "1979.04.13"]
[Round "4"]
[White "Giorgadze, Tamaz"]
[Black "Boehmfeldt, Bruno"]
[WhiteElo "2535"]
[BlackElo "2230"]
[Result "1-0"]
[EventDate "1979.04.10"]
[PlyCount "61"]

1.e4 c5 2.Nf3 d6 3.d4 cxd4 4.Nxd4 Nf6 5.Nc3 a6 6.f4 Qc7 7.a4 e5 8.Nf3 Be6 
9.f5 Bc4 10.Nd2 Bxf1 11.Nxf1 Qc6 12.Qf3 h6 13.Ne3 Nbd7 14.Ned5 Nxd5 15.
Nxd5 Nb6 16.Nc3 Be7 17.O-O Bg5 18.Qg4 Bxc1 19.Rfxc1 O-O 20.f6 g6 21.a5 Nc4
22.Nd5 Qc5+ 23.Kh1 Ne3 24.Ne7+ Kh7 25.Qe2 Nc4 26.Nd5 Nxa5 27.Ra3 Nc6 28.
Rh3 Rg8 29.Qg4 g5 30.Qf5+ Rg6 31.Rxh6+ 1-0

[Event "7th Dortmund Meeting"]
[Site "Dortmund GER"]
[Date "1979.04.13"]
[Round "4"]
[White "Perecz, Laszlo"]
[Black "Borik, Otto"]
[WhiteElo "2315"]
[BlackElo "2395"]
[Result "1-0"]
[EventDate "1979.04.10"]
[PlyCount "71"]

1.e4 c5 2.Nf3 e6 3.d4 cxd4 4.Nxd4 Nf6 5.Nc3 Nc6 6.Ndb5 d6 7.Bf4 e5 8.Bg5 
a6 9.Na3 b5 10.Nd5 Be7 11.Bxf6 Bxf6 12.c3 Bg5 13.Nc2 Rb8 14.a4 bxa4 15.
Ncb4 Nxb4 16.Nxb4 Rxb4 17.cxb4 Qb6 18.Qxa4+ Bd7 19.Qa3 d5 20.Bxa6 O-O 21.
O-O dxe4 22.Rfe1 e3 23.fxe3 Ra8 24.Qd3 Be6 25.b5 Rd8 26.Qc3 e4 27.Kh1 Rd3 
28.Qc6 Qd8 29.Bb7 Bd5 30.Qc8 Qxc8 31.Bxc8 Rb3 32.Red1 Rd3 33.Rxd3 exd3 34.
b6 Bxe3 35.b7 Bf4 36.Ra8 1-0

[Event "7th Dortmund Meeting"]
[Site "Dortmund GER"]
[Date "1979.04.14"]
[Round "5"]
[White "Borik, Otto"]
[Black "Gerusel, Mathias"]
[WhiteElo "2395"]
[BlackElo "2425"]
[Result "1-0"]
[EventDate "1979.04.10"]
[PlyCount "49"]

1.e4 c5 2.Nf3 e6 3.d4 cxd4 4.Nxd4 Nf6 5.Nc3 d6 6.f4 a6 7.Be2 b5 8.e5 dxe5 
9.fxe5 Nd5 10.Nxd5 Qxd5 11.Bf3 Qxe5+ 12.Ne2 Ra7 13.Bf4 Qxb2 14.Rb1 Bb4+ 
15.c3 Bxc3+ 16.Kf2 Rd7 17.Rxb2 Rxd1 18.Rxd1 Bxb2 19.Bxb8 f5 20.Nd4 Kf7 21.
Nc6 Kf6 22.Bc7 Re8 23.Na7 e5 24.Bd8+ Kg6 25.Bc6 1-0

[Event "7th Dortmund Meeting"]
[Site "Dortmund GER"]
[Date "1979.04.14"]
[Round "5"]
[White "Jansa, Vlastimil"]
[Black "Schussler, Harry"]
[WhiteElo "2495"]
[BlackElo "2365"]
[Result "1/2-1/2"]
[EventDate "1979.04.10"]
[PlyCount "39"]

1.e4 e5 2.Nf3 Nf6 3.d4 Nxe4 4.Bd3 d5 5.Nxe5 Bd6 6.O-O O-O 7.Nd2 Bxe5 8.
dxe5 Nc5 9.Nb3 Nxd3 10.Qxd3 b6 11.Rd1 Nc6 12.Qg3 Bf5 13.c3 Qd7 14.Bf4 Qe6 
15.Rac1 Rfc8 16.Qe3 Qg6 17.Nd4 Bd7 18.Re1 Nd8 19.Bg3 c5 20.Nc2 1/2-1/2

[Event "7th Dortmund Meeting"]
[Site "Dortmund GER"]
[Date "1979.04.14"]
[Round "5"]
[White "Nikolac, Juraj"]
[Black "Giorgadze, Tamaz"]
[WhiteElo "2450"]
[BlackElo "2535"]
[Result "1/2-1/2"]
[EventDate "1979.04.10"]
[PlyCount "37"]

1.b3 Nf6 2.Bb2 g6 3.g3 Bg7 4.Bg2 O-O 5.e4 d6 6.Ne2 c5 7.O-O Nc6 8.Na3 Be6 
9.c4 Qc8 10.Nc2 Bh3 11.d3 Bxg2 12.Kxg2 e6 13.Rb1 Ne7 14.Ne3 Qc6 15.f3 b5 
16.Qc2 Rfd8 17.Rbd1 Rac8 18.h3 a6 19.Kh2 1/2-1/2

[Event "7th Dortmund Meeting"]
[Site "Dortmund GER"]
[Date "1979.04.15"]
[Round "6"]
[White "Ghinda, Mihail Viorel"]
[Black "Jansa, Vlastimil"]
[WhiteElo "2455"]
[BlackElo "2495"]
[Result "1-0"]
[EventDate "1979.04.10"]
[PlyCount "73"]

1.e4 c5 2.Nf3 d6 3.d4 cxd4 4.Nxd4 Nf6 5.Nc3 e6 6.f4 Be7 7.Be3 O-O 8.Be2 a6
9.O-O Qc7 10.Qe1 b5 11.Bf3 Bb7 12.e5 dxe5 13.fxe5 Nfd7 14.Qg3 Kh8 15.Rad1 
Nc6 16.Bxc6 Bxc6 17.Nxc6 Qxc6 18.Ne4 Rad8 19.Ng5 Kg8 20.c3 h6 21.Nf3 Kh7 
22.Kh1 Nc5 23.Nd4 Qe4 24.Bf4 Rc8 25.h4 Qg6 26.Qh3 Rfd8 27.h5 Qe4 28.Rde1 
Qb7 29.Bxh6 gxh6 30.Rxf7+ Kh8 31.Nxe6 Rd2 32.Nf4 Ne4 33.Rxe4 Qxe4 34.Qxc8+
Bd8 35.Qe6 Qe1+ 36.Kh2 Qh4+ 37.Nh3 1-0

[Event "7th Dortmund Meeting"]
[Site "Dortmund GER"]
[Date "1979.04.15"]
[Round "6"]
[White "Nikolac, Juraj"]
[Black "Borik, Otto"]
[WhiteElo "2450"]
[BlackElo "2395"]
[Result "1-0"]
[EventDate "1979.04.10"]
[PlyCount "81"]

1.Nf3 c5 2.g3 Nc6 3.Bg2 e5 4.c4 g6 5.Nc3 Bg7 6.O-O Nge7 7.d3 O-O 8.Ne1 d6 
9.Nc2 a6 10.Rb1 a5 11.a3 Be6 12.Ne3 Rb8 13.Bd2 b6 14.Kh1 Qd7 15.Ned5 Bh3 
16.Bxh3 Qxh3 17.Ne4 Nxd5 18.cxd5 Ne7 19.Qb3 Qd7 20.a4 f5 21.Ng5 Bh6 22.e4 
b5 23.axb5 Qxb5 24.Qxb5 Rxb5 25.h4 Rb3 26.Bc3 Bxg5 27.hxg5 c4 28.dxc4 Rc8 
29.exf5 gxf5 30.Ra1 Rxc4 31.Rxa5 Rb7 32.f4 e4 33.Rd1 Kf7 34.Ra6 Rd7 35.Kg2
Rc5 36.Rh1 Nxd5 37.Rxh7+ Ke6 38.Rh6+ Ke7 39.Rh7+ Ke6 40.Rh6+ Ke7 41.Ra8 
1-0

[Event "7th Dortmund Meeting"]
[Site "Dortmund GER"]
[Date "1979.04.15"]
[Round "6"]
[White "Schussler, Harry"]
[Black "Boehmfeldt, Bruno"]
[WhiteElo "2365"]
[BlackElo "2230"]
[Result "1/2-1/2"]
[EventDate "1979.04.10"]
[PlyCount "55"]

1.c4 Nf6 2.Nc3 g6 3.d4 Bg7 4.Nf3 O-O 5.Bg5 h6 6.Bh4 c5 7.e3 d6 8.Be2 Nc6 
9.d5 Ne5 10.Nxe5 dxe5 11.e4 Ne8 12.f3 Nd6 13.a3 Bd7 14.b4 b6 15.O-O Bf6 
16.Bf2 Qc7 17.Qd3 Nb7 18.Rab1 Rfc8 19.Rb2 Be8 20.Rfb1 Kh7 21.g3 Rd8 22.Kg2
Rac8 23.Qc2 e6 24.Qb3 Be7 25.Rd1 Bf8 26.Rdb1 Be7 27.h4 Bd6 28.Be3 1/2-1/2

[Event "7th Dortmund Meeting"]
[Site "Dortmund GER"]
[Date "1979.04.16"]
[Round "7"]
[White "Boehmfeldt, Bruno"]
[Black "Ghinda, Mihail Viorel"]
[WhiteElo "2230"]
[BlackElo "2455"]
[Result "1/2-1/2"]
[EventDate "1979.04.10"]
[PlyCount "65"]

1.g3 e5 2.c4 Nf6 3.Nc3 c6 4.d4 d6 5.Bg2 Nbd7 6.e4 Qa5 7.Ne2 a6 8.d5 cxd5 
9.cxd5 Nc5 10.O-O b5 11.Be3 b4 12.Bxc5 Qxc5 13.Na4 Qb5 14.b3 Be7 15.Qd2 
O-O 16.Rfc1 Bd7 17.Rc4 Rab8 18.Nb2 Qb6 19.a4 bxa3 20.Rxa3 Ng4 21.Nd1 Bb5 
22.Rc2 f5 23.Nec3 Bd7 24.Rca2 Ra8 25.exf5 Nh6 26.Ne3 Nxf5 27.Nxf5 Bxf5 28.
Ne4 h6 29.h3 Rfb8 30.Qe2 a5 31.Nd2 Qc5 32.Qc4 Qb6 33.Qe2 1/2-1/2

[Event "7th Dortmund Meeting"]
[Site "Dortmund GER"]
[Date "1979.04.16"]
[Round "7"]
[White "Borik, Otto"]
[Black "Giorgadze, Tamaz"]
[WhiteElo "2395"]
[BlackElo "2535"]
[Result "0-1"]
[EventDate "1979.04.10"]
[PlyCount "80"]

1.e4 c5 2.Nf3 Nc6 3.d4 cxd4 4.Nxd4 g6 5.Nc3 Bg7 6.Be3 Nf6 7.Be2 O-O 8.O-O 
d6 9.Re1 Bd7 10.Qd2 Rc8 11.Rad1 a6 12.f3 Re8 13.Bf1 Qc7 14.g4 Nxd4 15.Bxd4
Be6 16.h3 Nd7 17.Bxg7 Kxg7 18.f4 Qb6+ 19.Re3 f6 20.b3 Qc5 21.Ne2 Bf7 22.c4
g5 23.fxg5 Qxg5 24.Nd4 Kh8 25.Bg2 Ne5 26.Rf1 Rg8 27.Rf5 Qh6 28.Qf2 b5 29.
cxb5 axb5 30.Rg3 Qc1+ 31.Bf1 Bg6 32.Rf4 b4 33.Rxf6 Bxe4 34.Re6 Rcf8 35.Qe2
Qf4 36.Re3 Nxg4 37.R3xe4 Nf2+ 38.Bg2 Rxg2+ 39.Kxg2 Rg8+ 40.Kf1 Nxe4+ 0-1

[Event "7th Dortmund Meeting"]
[Site "Dortmund GER"]
[Date "1979.04.18"]
[Round "8"]
[White "Gerusel, Mathias"]
[Black "Jansa, Vlastimil"]
[WhiteElo "2425"]
[BlackElo "2495"]
[Result "0-1"]
[EventDate "1979.04.10"]
[PlyCount "82"]

1.d4 Nf6 2.c4 g6 3.Nc3 d5 4.Bf4 Bg7 5.e3 O-O 6.Nf3 c5 7.dxc5 Ne4 8.Rc1 
Nxc3 9.bxc3 dxc4 10.Qxd8 Rxd8 11.Bxc4 Nd7 12.Bg5 Re8 13.Bb5 a6 14.Ba4 h6 
15.c6 Nc5 16.cxb7 Bxb7 17.Bxe8 hxg5 18.Bxf7+ Kxf7 19.Nxg5+ Kf6 20.Nh7+ Kf5
21.g4+ Ke6 22.O-O Bh6 23.Rb1 Rh8 24.Rb6+ Kf7 25.f4 Rxh7 26.g5 Bg7 27.f5 
Rh4 28.fxg6+ Kg8 29.Rf5 Rc4 30.h4 Rxc3 31.h5 Rxe3 32.Rxc5 Bd4 33.Rxb7 Bxc5
34.Kf1 Kg7 35.Rb8 Rh3 36.h6+ Kxg6 37.Rg8+ Kf7 38.Rg7+ Ke6 39.Rg6+ Kf5 40.
Rxa6 Bd4 41.a4 Kxg5 0-1

[Event "7th Dortmund Meeting"]
[Site "Dortmund GER"]
[Date "1979.04.18"]
[Round "8"]
[White "Giorgadze, Tamaz"]
[Black "Schussler, Harry"]
[WhiteElo "2535"]
[BlackElo "2365"]
[Result "1-0"]
[EventDate "1979.04.10"]
[PlyCount "86"]

1.e4 e5 2.Nf3 Nf6 3.Nxe5 d6 4.Nf3 Nxe4 5.d3 Nf6 6.d4 Bf5 7.Bd3 Bxd3 8.Qxd3
c6 9.O-O Be7 10.Qb3 Qc7 11.Bf4 Nh5 12.Bd2 d5 13.c4 dxc4 14.Qxc4 O-O 15.Nc3
Nf6 16.Rfe1 Bd6 17.Rac1 a6 18.d5 cxd5 19.Qxc7 Bxc7 20.Re7 Rc8 21.Bg5 Kf8 
22.Bxf6 gxf6 23.Ree1 Nd7 24.Nxd5 Ba5 25.Red1 Rxc1 26.Rxc1 Re8 27.Kf1 Re4 
28.a3 Bb6 29.g3 Re6 30.Rc8+ Re8 31.Rc4 Re6 32.Nh4 Rc6 33.Nxb6 Nxb6 34.Rb4 
a5 35.Rb5 a4 36.Nf5 Ke8 37.Nd4 Rd6 38.Rb4 Kd7 39.Nb5 Rd2 40.Ke1 Rd5 41.Nc3
Rd6 42.Nxa4 Nxa4 43.Rxa4 Rb6 1-0

[Event "7th Dortmund Meeting"]
[Site "Dortmund GER"]
[Date "1979.04.18"]
[Round "8"]
[White "Perecz, Laszlo"]
[Black "Boehmfeldt, Bruno"]
[WhiteElo "2315"]
[BlackElo "2230"]
[Result "1-0"]
[EventDate "1979.04.10"]
[PlyCount "95"]

1.e4 c5 2.Nf3 d6 3.d4 Nf6 4.Nc3 cxd4 5.Nxd4 a6 6.f4 Qc7 7.Bd3 g6 8.O-O Bg7
9.Nf3 O-O 10.Qe1 e5 11.a4 Nbd7 12.Qh4 exf4 13.Kh1 Ne5 14.Bxf4 Be6 15.Bxe5 
dxe5 16.Ng5 h6 17.Nxe6 fxe6 18.Rad1 Rad8 19.Ne2 Kh7 20.b3 Qc6 21.Rde1 Nh5 
22.g3 Bf6 23.Qh3 Bg5 24.Rxf8 Rxf8 25.Rf1 Rxf1+ 26.Qxf1 Kg7 27.Kg2 Be3 28.
Qe1 Nf6 29.Qc3 Qd6 30.Qc8 Qe7 31.Qb8 Nd7 32.Qxb7 Qf7 33.Nc3 g5 34.Nd1 g4 
35.Be2 Bg5 36.Bxg4 Qe7 37.Qxa6 Nf6 38.Bf3 Qb4 39.Qe2 Nd7 40.Nf2 Nc5 41.Bh5
Kf8 42.Qb5 Qxb5 43.axb5 Be3 44.Ng4 Bd4 45.Kf3 Kg7 46.Be8 Bc3 47.Bc6 Ba5 
48.Nxe5 1-0

[Event "7th Dortmund Meeting"]
[Site "Dortmund GER"]
[Date "1979.04.19"]
[Round "9"]
[White "Jansa, Vlastimil"]
[Black "Nikolac, Juraj"]
[WhiteElo "2495"]
[BlackElo "2450"]
[Result "0-1"]
[EventDate "1979.04.10"]
[PlyCount "122"]

1.e4 c6 2.d4 d5 3.Nc3 dxe4 4.Nxe4 Bf5 5.Ng3 Bg6 6.h4 h6 7.Nf3 Nd7 8.h5 Bh7
9.Bd3 Bxd3 10.Qxd3 e6 11.Bd2 Qc7 12.O-O-O Ngf6 13.Qe2 Bd6 14.Nf5 Bf4 15.
Bxf4 Qxf4+ 16.Ne3 O-O-O 17.g3 Qc7 18.Nc4 Nb6 19.Na3 Rd5 20.Ne5 Rhd8 21.c3 
Kb8 22.f4 Ra5 23.c4 Nc8 24.g4 Nd6 25.Rh3 Nfe8 26.Kb1 f5 27.Nc2 fxg4 28.
Qxg4 Nf5 29.Rhd3 Nf6 30.Qh3 Ra4 31.Ne3 Ne4 32.Qg2 Nxe3 33.Rxe3 Nd6 34.b3 
Ra6 35.Red3 Qe7 36.Qe2 Qf6 37.Ng6 Ra5 38.c5 Nf5 39.Qe5+ Kc8 40.Qxf6 gxf6 
41.a3 b6 42.Kb2 bxc5 43.dxc5 Rxd3 44.Rxd3 Rxc5 45.Nf8 Rd5 46.Rxd5 cxd5 47.
Nh7 e5 48.Nxf6 exf4 49.Kc3 Ne3 50.Kd3 Kd8 51.Ke2 Ke7 52.Ng8+ Kf7 53.Nxh6+ 
Kg7 54.Kf3 Kxh6 55.Kxf4 d4 56.Ke4 Nf5 57.b4 Kxh5 58.a4 Kg6 59.b5 Kf6 60.a5
Ke6 61.a6 Nd6+ 0-1

[Event "7th Dortmund Meeting"]
[Site "Dortmund GER"]
[Date "1979.04.19"]
[Round "9"]
[White "Schussler, Harry"]
[Black "Ghinda, Mihail Viorel"]
[WhiteElo "2365"]
[BlackElo "2455"]
[Result "1/2-1/2"]
[EventDate "1979.04.10"]
[PlyCount "30"]

1.Nf3 Nf6 2.g3 c5 3.c4 d5 4.cxd5 Nxd5 5.Bg2 Nc6 6.d4 cxd4 7.Nxd4 Ndb4 8.
Nxc6 Qxd1+ 9.Kxd1 Nxc6 10.Bxc6+ bxc6 11.Bd2 e5 12.Bc3 f6 13.Nd2 Bg4 14.f3 
Be6 15.Kc2 a5 1/2-1/2

[Event "7th Dortmund Meeting"]
[Site "Dortmund GER"]
[Date "1979.04.20"]
[Round "10"]
[White "Borik, Otto"]
[Black "Jansa, Vlastimil"]
[WhiteElo "2395"]
[BlackElo "2495"]
[Result "1/2-1/2"]
[EventDate "1979.04.10"]
[PlyCount "40"]

1.Nf3 Nf6 2.c4 g6 3.Nc3 c5 4.b3 Bg7 5.Bb2 O-O 6.g3 Nc6 7.Bg2 d6 8.O-O Bf5 
9.d4 cxd4 10.Nxd4 Bd7 11.e4 Qb6 12.Nc2 Qa5 13.Ne3 Nxe4 14.Bxe4 Bxc3 15.
Bxc3 Qxc3 16.Nd5 Qa5 17.Re1 Qd8 18.Qd2 Be6 19.Nf4 Qd7 20.Bxc6 bxc6 1/2-1/2

[Event "7th Dortmund Meeting"]
[Site "Dortmund GER"]
[Date "1979.04.20"]
[Round "10"]
[White "Giorgadze, Tamaz"]
[Black "Ghinda, Mihail Viorel"]
[WhiteElo "2535"]
[BlackElo "2455"]
[Result "1/2-1/2"]
[EventDate "1979.04.10"]
[PlyCount "41"]

1.Nf3 Nf6 2.g3 g6 3.b3 Bg7 4.Bb2 d6 5.d4 c5 6.d5 O-O 7.Bg2 b5 8.a4 bxa4 9.
Rxa4 Nbd7 10.c4 Nb6 11.Ra2 a5 12.Nfd2 Bd7 13.Nc3 Qe8 14.O-O a4 15.Nxa4 
Nxa4 16.bxa4 Rxa4 17.Rxa4 Bxa4 18.Qa1 Qa8 19.Qa3 Bd7 20.Qxa8 Rxa8 21.Ra1 
1/2-1/2

[Event "7th Dortmund Meeting"]
[Site "Dortmund GER"]
[Date "1979.04.20"]
[Round "10"]
[White "Nikolac, Juraj"]
[Black "Boehmfeldt, Bruno"]
[WhiteElo "2450"]
[BlackElo "2230"]
[Result "1-0"]
[EventDate "1979.04.10"]
[PlyCount "25"]

1.d4 Nf6 2.c4 e5 3.dxe5 Ne4 4.Nd2 Bb4 5.g3 Nc6 6.Bg2 Nxd2 7.Bxd2 Bxd2+ 8.
Qxd2 Nxe5 9.Qc3 Qe7 10.f4 Ng6 11.Qxg7 Qb4+ 12.Kf1 Rf8 13.Nf3 1-0

[Event "7th Dortmund Meeting"]
[Site "Dortmund GER"]
[Date "1979.04.20"]
[Round "10"]
[White "Perecz, Laszlo"]
[Black "Schussler, Harry"]
[WhiteElo "2315"]
[BlackElo "2365"]
[Result "1/2-1/2"]
[EventDate "1979.04.10"]
[PlyCount "28"]

1.e4 g6 2.d4 Bg7 3.Nc3 d6 4.f4 Nf6 5.Nf3 O-O 6.e5 dxe5 7.fxe5 Nd5 8.Bc4 
Nb6 9.Bb3 Nc6 10.Be3 Na5 11.Qe2 Nxb3 12.axb3 f6 13.O-O Be6 14.Rad1 c6 
1/2-1/2